Vplyv nástreku krvnej plazmy na vlastnosti mäsových výrobkov
Na minha lista:
| Autor principal: | |
|---|---|
| Outros Autores: | , , |
| Formato: | Capítulo de Livro |
| Idioma: | eslovaco |
| Tags: |
Sem tags, seja o primeiro a adicionar uma tag!
|
MARC
| LEADER | 00000naa a2200000 4500 | ||
|---|---|---|---|
| 001 | 0144634 | ||
| 005 | 20240502072608.1 | ||
| 041 | 0 | |a slo | |
| 044 | |a SK | ||
| 245 | 1 | 0 | |a Vplyv nástreku krvnej plazmy na vlastnosti mäsových výrobkov |c Rudolfína Hatalová, Jozef Jajcay, Milan Luciak, Alica Lacková |
| 100 | 1 | |a Hatalová, Rudolfína | |
| 700 | 1 | |a Jajcay, Jozef | |
| 700 | 1 | |a Luciak, Milan | |
| 700 | 1 | |a Lacková, Alica | |